Ils ont joué avec Blaise Matuidi - Statistiques

Statistiques générales
  • Ce quiz a été pris 127 fois
  • Le résultat moyen est 6 sur 10
Statistiques - réponses
En activité / Retraité Clubs Joueur % Correct
En activité Rosario Central, Benfica, Real Madrid, Manchester United, Paris SG, Juventus, Benfica, Rosario Central Ángel Di María
90%
Retraité Manchester United, Preston, Manchester United, Real Madrid, Los Angeles Galaxy, AC Milan, Los Angeles Galaxy, Paris SG David Beckham
86%
Retraité AS Excelsior, FC Nantes, Saint-Étienne, Lille, Marseille, West Ham, Marseille, Vasco de Gama Dimitri Payet
84%
En activité Bayern Munich, Bayer Leverkusen, Liverpool, Juventus, Dortmund Emre Can
75%
En activité Lille, Paris SG, AS Roma, FC Barcelone, Everton, Aston Villa Lucas Digne
74%
En activité Benfica,Valence, Inter Milan, Juventus, Manchester City, Bayern Munich, FC Barcelone, Al Hilal, FC Barcelone João Cancelo
65%
Retraité Cruzeiro, Ajax, Inter Milan, FC Barcelone, Paris SG Maxwell
64%
En activité Gremio, Chakhtar Donetsk, Bayern Munich, Juventus, Gremio, Los Angeles Galaxy, Sydney FC, Chievo Vérone Douglas Costa
58%
Retraité Marsonia Slavonski, NK Zagreb, Dinamo Zagreb, Wolfsburg, Bayern Munich, Atlético Madrid, Juventus, Al-Duhail, AC Milan Mario Mandžukić
39%
Retraité Arsenal, Norwich, Arsenal, West Bromwich, Inter Miami Kieran Gibbs
11%
Aucun quiz correspondant
Distribution des résultats
% des personnes avec chaque résultat
Percentile par nombre de réponses
Votre historique - résultats
Vous n’avez pas pris ce quiz